000 00499nam a2200205Ia 4500
003 OSt
005 20220915145744.0
008 210210b2019 xxu||||| |||| 00| 0 eng d
040 _cAL
041 _aeng
082 _a657.48 NAYF
100 _aNAYAK (Karunakar A)
_957683
245 _aFinancial accounting II
260 _aMangaluru
_bUnited Agencies
_c2019
300 _a331
650 _aII SEM BCOM
_957684
690 _aFinancial Accounting
_957685
906 _a073782
942 _2ddc
_cBK
999 _c123553
_d123553